Understanding automotive technology & repair video

Gardado en:
Detalles Bibliográficos
Formato: Libro
Idioma:Undetermined
Publicado: New York Delmar 2005
Những chủ đề:
Các nhãn: Engadir etiqueta
Sen Etiquetas, Sexa o primeiro en etiquetar este rexistro!
Thư viện lưu trữ: Trung tâm Học liệu Trường Đại học Cần Thơ
LEADER 00511nam a2200181Ia 4500
001 CTU_103294
008 210402s9999 xx 000 0 und d
020 |c 152.59 
082 |a 629.287 
082 |b U55/V.15 
245 0 |a Understanding automotive technology & repair video 
260 |a New York 
260 |b Delmar 
260 |c 2005 
650 |a Automobiles,Automobiles 
650 |x Air conditioning,Maintenance and repair 
904 |i Năm 
980 |a Trung tâm Học liệu Trường Đại học Cần Thơ